Eastern Utah Libraries Catalog: Duchesne, Heber, Roosevelt, & Vernal

Dinosaur train : I love dinosaurs (Record no. 283166)

MARC details
000 -LEADER
fixed length control field 00576ngm a22002172a 4500
005 - DATE AND TIME OF LATEST TRANSACTION
control field 20231122144648.0
007 - PHYSICAL DESCRIPTION FIXED FIELD--GENERAL INFORMATION
fixed length control field vd cvaizs
008 - FIXED-LENGTH DATA ELEMENTS--GENERAL INFORMATION
fixed length control field 131127s2014 xxu050 j vleng d
020 ## - INTERNATIONAL STANDARD BOOK NUMBER
International Standard Book Number 9781608830091 :
Terms of availability $9.99
024 1# - OTHER STANDARD IDENTIFIER
Standard number or code 841887020114
028 42 - PUBLISHER NUMBER
Publisher number 11032138
040 ## - CATALOGING SOURCE
Description conventions
092 ## - LOCALLY ASSIGNED DEWEY CALL NUMBER (OCLC)
Classification number EDVD
Item number Din
245 00 - TITLE STATEMENT
Title Dinosaur train : I love dinosaurs
246 3# - VARYING FORM OF TITLE
Title proper/short title I love dinosaurs.
250 ## - EDITION STATEMENT
Edition statement Widescreen ed.
260 ## - PUBLICATION, DISTRIBUTION, ETC. (IMPRINT)
Place of publication, distribution, etc [United States] :
Name of publisher, distributor, etc Pbs Kids,
Date of publication, distribution, etc 2014.
264 ## - Production, Publication, Distribution, Manufacture, and Copyright Notice.
Place of production, publication, distribution, manufacture [United States] :
Name of producer, publisher, distributor, manufacturer Pbs Kids,
Date of production, publication, distribution, manufacture, or copyr 2014.
942 ## - ADDED ENTRY ELEMENTS (KOHA)
Koha item type DVD
Source of classification or shelving scheme Dewey Decimal Classification
948 ## - LOCAL PROCESSING INFORMATION (OCLC); SERIES PART DESIGNATOR (RLIN)
Series part designator, SPT (RLIN) 03/07/2014
z (OCLC) Sirsi
Holdings
Withdrawn status Lost status Source of classification or shelving scheme Damaged status Not for loan Collection code Home library Current library Shelving location Date acquired Source of acquisition Cost, normal purchase price Total Checkouts Total Renewals Full call number Barcode Checked out Date last seen Date checked out Cost, replacement price Price effective from Koha item type
    Dewey Decimal Classification     Children Movies Wasatch County Library Wasatch County Library Audio Visual Area 03/07/2014   9.95 55 20 E DVD Din 34301001605320 03/17/2026 02/26/2026 02/26/2026 9.95 03/20/2020 DVD
This project was made possible through a grant from the Institute of Museum and Library Service administered by the Utah State Library Division.

Wasatch County Library

  • 465 East 1200 South, Heber City, Utah 84032
  • Phone 435-654-1511 | Fax 435-654-6456

Hours

  • Monday - Friday 9:30 AM - 8:00 PM
  • Saturday 9:30 AM - 1:30 PM
  • Closed Sundays and Holidays